How Successfully Can Decision-making Style Predict the Orientation Toward Well- or Ill-structured Decision-making Problems

Štýl rozhodovania je spôsob, akým manažér získava, spracúva a používa informácie v procese rozhodovania. Je to sada kvalitatívnych indikátorov, ktoré sa v procese rozhodovania prejavujú formou štýlu rozhodovania. Znalosť štýlov rozhodovania a ich aktívne využitie v štruktúre manažmentu prispieva pri...

Descrizione completa

Salvato in:
Dettagli Bibliografici
Autore principale: Remeňová, Katarína, 1982-
Altri autori: Jankelová, Nadežda, 1966-
Natura: Capitolo di libro
Lingua:inglese
Soggetti:
Tags: Aggiungi Tag
Nessun Tag, puoi essere il primo ad aggiungerne!!

MARC

LEADER 00000naa a2200000 4500
001 0253071
005 20260223103119.4
041 0 |a eng 
044 |a CZ 
245 1 0 |a How Successfully Can Decision-making Style Predict the Orientation Toward Well- or Ill-structured Decision-making Problems  |c Katarína Remeňová, Nadežda Jankelová 
520 |a Štýl rozhodovania je spôsob, akým manažér získava, spracúva a používa informácie v procese rozhodovania. Je to sada kvalitatívnych indikátorov, ktoré sa v procese rozhodovania prejavujú formou štýlu rozhodovania. Znalosť štýlov rozhodovania a ich aktívne využitie v štruktúre manažmentu prispieva priamo k budovaniu konkurencieschopnosti podniku. Identifikácia štýlov rozhodovania a delegácia správnych rozhodovacích úloh správnemu zamestnancovi, ktorý má základné vedomosti na adresovanie určitého rozhodovacieho problému (dobre alebo zle štruktúrovaného), je esenciou kompetentného rozhodovania. Vzťah medzi štýlom rozhodovania manažéra v závislosti od typu rozhodovacích problémov. Použitie binárnej logistickej regresie na predikciu vzťahu medzi typom rozhodovacieho problému a celkovým skóre v štýle rozhodovania, cez ktoré bola vypočítaná pravdepodobnosť výskytu závislej hodnoty. 
610 2 0 |a rozhodovanie 
610 2 0 |a manažéri 
610 2 0 |a manažment 
610 2 0 |a zamestnanci 
610 2 0 |a racionalita 
610 2 0 |a rozdiely kultúrne 
610 2 0 |a štýl vedenia 
610 2 0 |a pravdepodobnosť 
610 2 0 |a regresia 
100 1 |a Remeňová, Katarína, 1982- 
700 1 |a Jankelová, Nadežda, 1966-